Taco-"Pocztówka z WWA" - Statystyki

Ogólne statystyki
  • Ten quiz został rozwiązany 148 razy
  • Średni wynik to 8 z 11
Statystyki odpowiedzi
Hint Odpowiedź % Poprawnych
4 W piątki leżę w wannie
95%
9 Sanatorium
80%
11 Kabriolety
77%
1 Człowiek z dziurą zamiast krtani
74%
3 Leci nowy future
71%
10 Alert RCB
70%
8 Tijuana
66%
2 Antysmogowa maska w moim carry-on baggage
64%
7 Wujek dobra rada
63%
5 WWA VHS
63%
6 Wytrawne
55%
Nie znaleziono quizów pasujących do podanych kryteriów
Rozkład punktacji
Procent ludzi z każdym wynikiem
Percentyl według liczby udzielonych odpowiedzi
Twoja historia wyników
Nie rozwiązałeś tego quizu